| 000 | 00511nam a2200169 a 4500 | ||
|---|---|---|---|
| 001 | 5243 | ||
| 003 | CDMR | ||
| 005 | 20131218105152.0 | ||
| 008 | 130130s2004||||||||||||||||||||||||||||d | ||
| 020 | _a8479489960 | ||
| 040 |
_aCDMR _bcat _cCDMR |
||
| 245 | 0 |
_aMondo Brutto _b: cultura bizarra para brutos mecánicos: antologĂa _cGalactus, Grace Morales, Joe D'allessandro, Musgo Man, Dildo de Congost |
|
| 260 |
_aBarcelona _c2004 _bLa Tempestad |
||
| 300 | _a201 p. | ||
| 490 |
_aLa tempestad _v15 |
||
| 942 |
_cMON _2udc |
||
| 999 |
_c5243 _d5243 |
||